Statistics for JRA 中央競馬 リーディングジョッキー

Click here to take the quiz!

General Stats

  • This quiz has been taken 13 times
  • The average score is 9 of 21

Answer Stats

所属騎手名% Correct
1989~1990、1992~2000、2002~2008関西武豊
100%
2017~2021、2023関西クリストフ・ルメール
100%
2022関西川田将雅
92%
2010関東横山典弘
92%
2011、2013関西福永祐一
69%
1970~1978関西福永洋一
69%
1987、1991関東岡部幸雄
62%
2014~2016関東戸崎圭太
54%
2009関東内田博幸
46%
1988関東柴田政人
38%
1980、1985~1986関西河内洋
31%
1983~1984関西田原成貴
31%
1957~1958関東野平祐二
31%
2012関西浜中俊
31%
2001関東蛯名正義
23%
1962~1966、1968~1969関東加賀武見
23%
1959~1961関東保田隆芳
15%
1981~1982関東増沢末夫
8%
1979関東郷原洋行
8%
1967関西高橋成忠
0%
1956関東高橋英夫
0%

Score Distribution

Percentile by Number Answered

Percent of People with Each Score

Your Score History

You have not taken this quiz